La gran brecha: qué hacer con las sociedades desiguales
Saved in:
| Hovedforfatter: | |
|---|---|
| Format: | Bog |
| Sprog: | spansk |
| Udgivet: |
Buenos Aires
Taurus
2015
|
| Udgivelse: | 1a. ed |
| Serier: | Pensamiento
|
| Fag: | |
| Tags: |
Tilføj Tag
Ingen Tags, Vær først til at tagge denne postø!
|
MARC
| LEADER | 00000cam a2200000 a 4500 | ||
|---|---|---|---|
| 001 | UCD7002 | ||
| 003 | CL-VaPUC | ||
| 008 | 170303e20150000ag |||||||||||||||||spa|d | ||
| 020 | |a 9789877370133 | ||
| 082 | 0 | 4 | |a 339.21 |b STI |2 21 |
| 100 | 0 | |a Stiglitz, Joseph E |e author |9 590927 | |
| 245 | 1 | 3 | |a La gran brecha: qué hacer con las sociedades desiguales |
| 250 | |a 1a. ed | ||
| 300 | |a 477 p | ||
| 942 | |c BK | ||
| 945 | |d 20170303 17:35:00 |a arojas | ||
| 260 | |a Buenos Aires |b Taurus |c 2015 | ||
| 650 | 0 | |a Desigualdad social |9 349409 | |
| 650 | 0 | |a Distribución de la riqueza |9 404226 | |
| 650 | 0 | |a Políticas económicas |9 353940 | |
| 650 | 0 | |a Globalización |9 361930 | |
| 650 | 0 | |a Capitalismo |9 255255 | |
| 583 | |a last modification |c 20170303 17:35:00 |k Rodrigo Vera | ||
| 490 | 0 | |a Pensamiento | |
| 999 | |c 367169 |d 367167 | ||
| 952 | |0 0 |1 0 |3 erb |4 0 |6 339_210000000000000_STI_2015 |7 0 |8 A |9 481861 |a BIBENE |b BIBENE |i 5361559 |l 1 |o 339.21 STI 2015 |p 5361559 |r 2025-01-15 |s 2023-10-24 |w 2019-11-24 |y BK |z Catalogado en:20170303 |k ICO | ||